Az önkéntes alapon végzett munka pozitív hatásai a fiatal felnőttekre

Bibliographic Details
Main Author: Berinszki Nikolett
Other Authors: Keszei Barbara
Format: Thesis
Kulcsszavak:Önkéntesség
Civil szervezet
Személyiségfejlődés
Vöröskereszt
Fiatalok
Online Access:http://dolgozattar.uni-bge.hu/11624

MARC

LEADER 00000nta a2200000 i 4500
001 dolg11624
005 20170907135603.0
008 170516suuuu hu om 000 hun d
040 |a BGE Dolgozattár Repozitórium  |b hun 
041 |a hu 
100 1 |a Berinszki Nikolett 
245 1 3 |a Az önkéntes alapon végzett munka pozitív hatásai a fiatal felnőttekre   |c Berinszki Nikolett  |h [elektronikus dokumentum] 
246 1 1 |a Az önkéntes alapon végzett munka pozitív hatásai a fiatal felnőttekre  
695 |a Önkéntesség 
695 |a Civil szervezet 
695 |a Személyiségfejlődés 
695 |a Vöröskereszt 
695 |a Fiatalok 
700 1 |a Keszei Barbara  |e ths 
856 4 0 |u http://dolgozattar.uni-bge.hu/11624/1/BERINSZKI-NIKOLETT-Szakdolgozat-K%C3%A9sz-v%C3%A1ltozat-1%20%281%29.pdf  |z Dokumentum-elérés